[Event "Titled Tuesday intern op 12th Mar Late"]
[Site "Chess.com INT"]
[Date "2024.03.12"]
[Round "1"]
[White "Yoo, Christopher Woojin"]
[Black "Przybylski, Wojciech"]
[Result "1-0"]
[WhiteElo "2583"]
[BlackElo "2308"]
[PlyCount "67"]
[EventDate "2024.03.12"]
[EventType "swiss (blitz)"]
[EventRounds "11"]
[EventCountry "USA"]
[SourceTitle "CB12_2024"]
[SourceDate "2023.10.01"]
[SourceVersion "1"]
[SourceVersionDate "2023.10.01"]
[SourceQuality "1"]

1. d4 Nf6 2. c4 c6 3. Nf3 d5 4. Nc3 e6 5. Bg5 h6 6. Bh4 dxc4 7. e4 g5 8. Bg3 b5 9. Be2 Bb7 10. 0-0 Nbd7 11. Qc2 Bg7 12. e5 Nd5 13. Ne4 Qb6 14. a4 a6 15. b3 c3 16. Nd6+ Kf8 17. a5 Qc7 18. b4 Rd8 19. Rfc1 Nb8 20. Qb3 Kg8 21. Bd3 Bf8 22. Be4 Nf4 23. Bxf4 gxf4 24. Nxb7 Qxb7 25. Rxc3 Qe7 26. Rb1 Rc8 27. d5 exd5 28. Bxd5 Rd8 29. Bxc6 Nxc6 30. Rxc6 Qxb4 31. Rg6+ Bg7 32. Rxg7+ Kxg7 33. Qxb4 Rd1+ 34. Rxd1 1-0

[Event "Titled Tuesday intern op 13th Feb Early"]
[Site "Chess.com INT"]
[Date "2024.02.13"]
[Round "11"]
[White "Dragnev, Valentin"]
[Black "Yoo, Christopher Woojin"]
[Result "0-1"]
[WhiteElo "2571"]
[BlackElo "2595"]
[PlyCount "82"]
[EventDate "2024.02.13"]
[EventType "swiss (blitz)"]
[EventRounds "11"]
[EventCountry "USA"]
[SourceTitle "CB08_2024"]
[SourceDate "2024.02.21"]
[SourceVersion "1"]
[SourceVersionDate "2024.02.21"]
[SourceQuality "1"]

1. e4 e5 2. Nf3 Nc6 3. Bc4 Bc5 4. d3 Nf6 5. Nc3 0-0 6. Bg5 h6 7. Bxf6 Qxf6 8. Nd5 Qd8 9. c3 d6 10. h3 Ne7 11. 0-0 Nxd5 12. Bxd5 c6 13. Bb3 a5 14. d4 exd4 15. cxd4 Bb6 16. Re1 Re8 17. Qd3 a4 18. Bc2 g6 19. Qd2 Kg7 20. Qc3 Ba5 21. Qd3 Bxe1 22. Rxe1 Qa5 23. a3 Be6 24. Re3 d5 25. Ne5 dxe4 26. Qxe4 Qd5 27. Qf4 Rad8 28. Rg3 Qxd4 29. Nxg6 Qxf4 30. Nxf4+ Kf6 31. Bxa4 Rd4 32. Nh5+ Ke7 33. Bc2 Rd2 34. Rc3 Red8 35. Ng3 R8d4 36. Nf1 Re2 37. Ng3 Re1+ 38. Kh2 Rd2 39. f3 Rc1 40. Be4 Rxc3 41. bxc3 Ra2 0-1

[Event "Titled Tuesday intern op 13th Feb Late"]
[Site "Chess.com INT"]
[Date "2024.02.13"]
[Round "3"]
[White "Kacprzak, Karol1"]
[Black "Yoo, Christopher Woojin"]
[Result "0-1"]
[WhiteElo "2322"]
[BlackElo "2595"]
[PlyCount "64"]
[EventDate "2024.02.13"]
[EventType "swiss (blitz)"]
[EventRounds "11"]
[EventCountry "USA"]
[SourceTitle "CB08_2024"]
[SourceDate "2024.02.21"]
[SourceVersion "1"]
[SourceVersionDate "2024.02.21"]
[SourceQuality "1"]

1. e4 e5 2. Nf3 Nc6 3. Bb5 a6 4. Ba4 Nf6 5. 0-0 Nxe4 6. d4 b5 7. Bb3 d5 8. dxe5 Be6 9. Qe2 Be7 10. Rd1 0-0 11. c4 bxc4 12. Bxc4 Bc5 13. Be3 Bxe3 14. Qxe3 Qb8 15. Bb3 Na5 16. Nbd2 Nxd2 17. Nxd2 Qb4 18. Rac1 d4 19. Qg3 Nxb3 20. axb3 c5 21. Ne4 Rac8 22. Rd3 Bf5 23. Qf4 Bg6 24. Rg3 d3 25. Re3 Qxb3 26. h4 Qxb2 27. Rd1 Bxe4 28. Qxe4 c4 29. h5 h6 30. Rg3 Qe2 31. Qxe2 dxe2 32. Rc1 Rfd8 0-1

[Event "Titled Tuesday intern op 13th Feb Early"]
[Site "Chess.com INT"]
[Date "2024.02.13"]
[Round "3"]
[White "Parpiev, Isaak"]
[Black "Yoo, Christopher Woojin"]
[Result "0-1"]
[WhiteElo "2285"]
[BlackElo "2595"]
[PlyCount "56"]
[EventDate "2024.02.13"]
[EventType "swiss (blitz)"]
[EventRounds "11"]
[EventCountry "USA"]
[SourceTitle "CB08_2024"]
[SourceDate "2024.02.21"]
[SourceVersion "1"]
[SourceVersionDate "2024.02.21"]
[SourceQuality "1"]

1. e4 c6 2. d4 d5 3. e5 Bf5 4. Nc3 e6 5. g4 Bg6 6. Nge2 h6 7. h4 c5 8. Be3 Nc6 9. f4 h5 10. f5 exf5 11. gxf5 Bxf5 12. Bg2 Nge7 13. dxc5 Nxe5 14. Nxd5 Nxd5 15. Qxd5 Qxd5 16. Bxd5 0-0-0 17. 0-0-0 Bg4 18. Rhe1 Be7 19. Rd2 Bxh4 20. Rh1 Bf6 21. Nc3 Nf3 22. Bxf3 Bxf3 23. Rf1 Bc6 24. a4 h4 25. Nb5 Rxd2 26. Kxd2 h3 27. Nd6+ Kd7 28. Bf4 h2 0-1

[Event "Titled Tuesday intern op 13th Feb Early"]
[Site "Chess.com INT"]
[Date "2024.02.13"]
[Round "1"]
[White "Titarov, Vasilii"]
[Black "Yoo, Christopher Woojin"]
[Result "0-1"]
[WhiteElo "2181"]
[BlackElo "2595"]
[PlyCount "102"]
[EventDate "2024.02.13"]
[EventType "swiss (blitz)"]
[EventRounds "11"]
[EventCountry "USA"]
[SourceTitle "CB08_2024"]
[SourceDate "2024.02.21"]
[SourceVersion "1"]
[SourceVersionDate "2024.02.21"]
[SourceQuality "1"]

1. Nf3 c5 2. g3 b6 3. Bg2 Bb7 4. 0-0 Nf6 5. c4 g6 6. Nc3 Bg7 7. d3 d5 8. cxd5 Nxd5 9. Bd2 0-0 10. Rc1 Nc6 11. a3 Nc7 12. Bg5 h6 13. Be3 Ne6 14. Qa4 a6 15. Nd2 b5 16. Qd1 Na5 17. Bxb7 Nxb7 18. Qb3 Na5 19. Qa2 Nc6 20. Nce4 Ncd4 21. Rfe1 Rc8 22. Nb3 Qd5 23. Ned2 Nxb3 24. Nxb3 Nd4 25. Bxd4 cxd4 26. Rxc8 Rxc8 27. Rc1 Rxc1+ 28. Nxc1 Qc6 29. Qb1 a5 30. Nb3 a4 31. Nd2 e5 32. Nf3 f5 33. Ne1 Bf8 34. Qc2 Qxc2 35. Nxc2 Kf7 36. f4 exf4 37. gxf4 Bc5 38. Kg2 g5 39. Kf3 Ke6 40. h3 Kd5 41. Ne1 Bd6 42. Ng2 b4 43. axb4 Bxb4 44. e4+ Ke6 45. Ke2 gxf4 46. Nxf4+ Ke5 47. Ng6+ Kd6 48. Nf4 Bc3 49. bxc3 a3 50. e5+ Kxe5 51. Ng6+ Kf6 0-1

[Event "Titled Tuesday intern op 13th Feb Early"]
[Site "Chess.com INT"]
[Date "2024.02.13"]
[Round "8"]
[White "Yoo, Christopher Woojin"]
[Black "Kosteniuk, Alexandra"]
[Result "1-0"]
[WhiteElo "2595"]
[BlackElo "2501"]
[PlyCount "85"]
[EventDate "2024.02.13"]
[EventType "swiss (blitz)"]
[EventRounds "11"]
[EventCountry "USA"]
[SourceTitle "CB08_2024"]
[SourceDate "2024.02.21"]
[SourceVersion "1"]
[SourceVersionDate "2024.02.21"]
[SourceQuality "1"]

1. e4 e5 2. Nf3 Nf6 3. Nxe5 d6 4. Nf3 Nxe4 5. d4 d5 6. Bd3 Bd6 7. c4 c6 8. 0-0 0-0 9. Qc2 Re8 10. Nc3 Bg4 11. Nxe4 dxe4 12. Bxe4 Bxf3 13. Bxf3 Qh4 14. g3 Qxd4 15. Rd1 Qf6 16. Be4 Bc5 17. Bxh7+ Kh8 18. Bf5 Na6 19. a3 Re5 20. Bg4 Rae8 21. Bf4 Re4 22. Rd3 g5 23. Bd7 R8e7 24. Be3 Bxe3 25. fxe3 Nc5 26. Rf1 Qg7 27. Bf5 Rxe3 28. Rd8+ Re8 29. Qd2 Qe5 30. Rxe8+ Qxe8 31. Qd4+ Re5 32. Qg4 f6 33. Qh3+ Kg8 34. Qh6 Qe7 35. Bg4 Re1 36. Qg6+ Kf8 37. Qh6+ Kg8 38. Qg6+ Kf8 39. Bf3 Rxf1+ 40. Kxf1 Qd6 41. Qh6+ Kg8 42. Be2 Ne4 43. Qg6+ 1-0

[Event "Titled Tuesday intern op 06th Feb Late"]
[Site "Chess.com INT"]
[Date "2024.02.06"]
[Round "5"]
[White "Maltsevskaya, Aleksandra"]
[Black "Yoo, Christopher Woojin"]
[Result "0-1"]
[WhiteElo "2374"]
[BlackElo "2595"]
[PlyCount "70"]
[EventDate "2024.02.06"]
[EventType "swiss (blitz)"]
[EventRounds "11"]
[EventCountry "USA"]
[SourceTitle "CB07_2024"]
[SourceDate "2024.02.14"]
[SourceVersion "1"]
[SourceVersionDate "2024.02.14"]
[SourceQuality "1"]

1. e4 c5 2. Nf3 d6 3. d4 cxd4 4. Nxd4 Nf6 5. f3 e5 6. Nb3 d5 7. Bg5 d4 8. c3 Nc6 9. Be2 h6 10. Bh4 Be6 11. 0-0 Be7 12. Bf2 0-0 13. cxd4 Bxb3 14. Qxb3 Nxd4 15. Qd3 Qb6 16. Bxd4 exd4 17. Nd2 Qxb2 18. Rab1 Qxa2 19. Rxb7 Bc5 20. Rc1 Bb6 21. Nc4 Rac8 22. Kf2 Qa6 23. Re7 Bc5 24. Re5 Rfd8 25. Nd2 Qd6 26. Rf5 Qe7 27. g3 Bb6 28. Rxc8 Rxc8 29. Kg2 Rc3 30. Qb5 g6 31. Re5 Qc7 32. f4 Rc2 33. Qd3 Rc3 34. Qb5 Re3 35. Kf1 Qc2 0-1

[Event "Titled Tuesday intern op 06th Feb Early"]
[Site "Chess.com INT"]
[Date "2024.02.06"]
[Round "9"]
[White "Yoo, Christopher Woojin"]
[Black "Duda, Jan Krzysztof"]
[Result "1-0"]
[WhiteElo "2595"]
[BlackElo "2732"]
[PlyCount "105"]
[EventDate "2024.02.06"]
[EventType "swiss (blitz)"]
[EventRounds "11"]
[EventCountry "USA"]
[SourceTitle "CB07_2024"]
[SourceDate "2024.02.14"]
[SourceVersion "1"]
[SourceVersionDate "2024.02.14"]
[SourceQuality "1"]

1. d4 Nf6 2. Nf3 g6 3. c4 Bg7 4. g3 c6 5. Bg2 0-0 6. 0-0 d5 7. cxd5 cxd5 8. Ne5 Ng4 9. Bf4 Nxe5 10. Bxe5 Bh6 11. Nc3 e6 12. e4 Nc6 13. exd5 exd5 14. Nxd5 Nxe5 15. dxe5 Bg7 16. Qe2 Re8 17. f4 Be6 18. Rfd1 Qa5 19. b4 Qd8 20. Nf6+ Bxf6 21. Rxd8 Bxd8 22. Bxb7 Bb6+ 23. Kg2 Rad8 24. Rd1 Rxd1 25. Qxd1 Rb8 26. Qf3 Bxa2 27. Bd5 Bxd5 28. Qxd5 Rd8 29. Qa2 Rd4 30. e6 Kf8 31. exf7 Rd7 32. Qe6 Rxf7 33. h4 Kg7 34. h5 gxh5 35. Qe5+ Kg8 36. Qxh5 Bd4 37. Qd5 Bc3 38. b5 Bf6 39. g4 h6 40. g5 hxg5 41. f5 Kg7 42. Kf3 Re7 43. Kg4 Re5 44. Qc6 Re7 45. Kh5 Re2 46. Qb7+ Re7 47. Qa8 Kf7 48. Kh6 Rd7 49. Qc8 Re7 50. Qc4+ Kf8 51. Kg6 Be5 52. f6 Bxf6 53. Kxf6 1-0

[Event "Chessable Masters Play In"]
[Site "Chess.com INT"]
[Date "2024.01.31"]
[Round "5"]
[White "Lazavik, Denis"]
[Black "Yoo, Christopher Woojin"]
[Result "1/2-1/2"]
[WhiteElo "2566"]
[BlackElo "2595"]
[PlyCount "117"]
[EventDate "2024.01.31"]
[EventType "swiss (rapid)"]
[EventRounds "9"]
[EventCountry "USA"]
[SourceTitle "CB06_2024"]
[SourceDate "2024.02.07"]
[SourceVersion "1"]
[SourceVersionDate "2024.02.07"]
[SourceQuality "1"]

1. d4 Nf6 2. c4 e6 3. Nf3 d5 4. g3 Bb4+ 5. Bd2 Be7 6. Bg2 0-0 7. Qc2 Nbd7 8. Bf4 c5 9. dxc5 Bxc5 10. 0-0 Qe7 11. cxd5 Nxd5 12. Bg5 f6 13. Bd2 b5 14. Nc3 Nxc3 15. Bxc3 Bb7 16. Ng5 fxg5 17. Bxb7 Rab8 18. Be4 h6 19. Rad1 b4 20. Bd4 Rfc8 21. Bxc5 Nxc5 22. Bf3 b3 23. axb3 Nxb3 24. Qe4 Nc5 25. Qd4 a5 26. Rc1 Qf6 27. Qe3 Nd7 28. b3 Qe5 29. Rxc8+ Rxc8 30. Qd2 Nf6 31. e3 Qc3 32. Qxc3 Rxc3 33. Ra1 Rxb3 34. Rxa5 Rb1+ 35. Kg2 Rb2 36. h3 Kf7 37. Ra7+ Kf8 38. Ra4 Ke7 39. Rc4 Kf7 40. Bc6 Ke7 41. Kf3 Nd7 42. Bxd7 Kxd7 43. h4 gxh4 44. Rg4 g5 45. gxh4 Rb5 46. hxg5 hxg5 47. Ra4 Ke7 48. Kg4 Kf6 49. Ra8 Rb4+ 50. Kg3 Rb1 51. Kf3 Rb2 52. e4 Rb4 53. Ra5 Rc4 54. Rb5 Ra4 55. Rc5 Rb4 56. Ra5 Rc4 57. Rb5 Ra4 58. Rc5 Rb4 59. Ra5 1/2-1/2

[Event "Chessable Masters Play In"]
[Site "Chess.com INT"]
[Date "2024.01.31"]
[Round "8"]
[White "Yoo, Christopher Woojin"]
[Black "Kuzubov, Yuriy"]
[Result "0-1"]
[WhiteElo "2595"]
[BlackElo "2605"]
[PlyCount "144"]
[EventDate "2024.01.31"]
[EventType "swiss (rapid)"]
[EventRounds "9"]
[EventCountry "USA"]
[SourceTitle "CB06_2024"]
[SourceDate "2024.02.07"]
[SourceVersion "1"]
[SourceVersionDate "2024.02.07"]
[SourceQuality "1"]

1. e4 e6 2. d4 d5 3. Nc3 Bb4 4. exd5 exd5 5. Qf3 Nc6 6. Bb5 Nge7 7. Nge2 0-0 8. 0-0 Bf5 9. a3 Bd6 10. Bd3 Bxd3 11. Qxd3 Qd7 12. Nb5 Nd8 13. Nxd6 Qxd6 14. Bd2 Re8 15. Bb4 Qd7 16. Bxe7 Rxe7 17. Nf4 Ne6 18. Nxe6 Qxe6 19. Qd2 Rae8 20. h3 h5 21. Qg5 g6 22. Rad1 c6 23. c3 Kg7 24. Qd2 Qe2 25. Kh2 Qxd2 26. Rxd2 Re2 27. Rfd1 h4 28. Kg1 Rxd2 29. Rxd2 Re1+ 30. Kh2 Kf6 31. g3 Kf5 32. f3 g5 33. Kg2 a5 34. Kf2 Rh1 35. Kg2 Rb1 36. Re2 f6 37. Kf2 a4 38. Kg2 b6 39. Kf2 Rd1 40. Kg2 hxg3 41. Kxg3 c5 42. dxc5 bxc5 43. Re7 Rg1+ 44. Kf2 Rc1 45. Kg3 Rg1+ 46. Kf2 Rb1 47. Rb7 Kf4 48. Rb6 f5 49. Rb5 c4 50. Ke2 Rh1 51. Rxd5 Rh2+ 52. Kd1 Rxh3 53. Rc5 Rh1+ 54. Kd2 Rh2+ 55. Kc1 Re2 56. Kb1 Re5 57. Rxc4+ Kxf3 58. Rxa4 g4 59. Ra8 g3 60. Rg8 g2 61. a4 f4 62. Ka2 Kf2 63. b4 g1Q 64. Rxg1 Kxg1 65. a5 f3 66. a6 f2 67. a7 Re8 68. b5 f1Q 69. b6 Qa6+ 70. Kb3 Qxb6+ 71. Kc2 Qxa7 72. Kb3 Qb6+ 0-1